Lana Del Rey songs beginning with letter "D" - Statistics

General Stats
  • This quiz has been taken 114 times
  • The average score is 5 of 8
Answer Stats
Hint Answer % Correct
Did you know that there's a tunnel under Ocean Blvd Did you know that there's a tunnel under Ocean Blvd
78%
Born to die Dark paradise
75%
Norman fucking Rockwell Doin' time
73%
Born to die Diet mountain dew
68%
Blue banisters Dealer
67%
Honeymoon Don't let me be misunderstood
60%
Chemtrails over the country club Dark but just a game
58%
Chemtrails over the country club Dance till we die
51%
No matching quizzes found
Score Distribution
Percent of People with Each Score
Percentile by Number Answered
Your Score History
You have not taken this quiz